=LDR 00000nam 2200000 4500 =001 INLIS000000000049934 =005 20210309082425 =035 ##$$a 0010-041700000000124 =008 210309###########################0###### =020 ##$$a 978-602-9005-13-4 =040 ##$$a NBPDMAT =082 ##$$a 793.319 598 651 =090 ##$$a 793.319 598 651 Tar t =245 ##$$a Tarian Tradisional Sasak =260 ##$$a Mataram :$b Pusaka Widya,$c 2010 =300 ##$$a iv, 68 hlm. : $b Ilus. ; $c 21 cm =500 ##$$a Bibliografi : hlm. 67 - 68 =650 #4$$a Tarian Rakyat Lombok =850 ##$$a NBPDMAT =084 ##$$a 793.319 598 651 Tar t =990 ##$$a 046/46/2017 =990 ##$$a 21604401 =990 ##$$a 046/46/2017 =990 ##$$a 21604403 =990 ##$$a 21604404 =990 ##$$a 046/46/2017 =990 ##$$a 046/46/2017 =990 ##$$a 21604401 =990 ##$$a 046/46/2017 =990 ##$$a 21604403 =990 ##$$a 046/46/2017 =990 ##$$a 046/46/2017 =990 ##$$a 21604401 =990 ##$$a 046/46/2017 =990 ##$$a 046/46/2017 =990 ##$$a 046/46/2017 =990 ##$$a 046/46/2017 =990 ##$$a 046/46/2017 =990 ##$$a 046/46/2017 =990 ##$$a 046/46/2017 =990 ##$$a 046/46/2017 =990 ##$$a 046/46/2017 =990 ##$$a 046/46/2017 =990 ##$$a 046/46/2017 =990 ##$$a 046/46/2017 =990 ##$$a 046/46/2017 =990 ##$$a 046/46/2017 =990 ##$$a 046/46/2017 =990 ##$$a 046/46/2017 =990 ##$$a 046/46/2017 =990 ##$$a 046/46/2017 =990 ##$$a 046/46/2017 =990 ##$$a 046/46/2017 =990 ##$$a 046/46/2017 =990 ##$$a 046/46/2017